| 000 | 01587nam0a2200361 4500 | ||
|---|---|---|---|
| 001 | RU\NLR\BIBL_A\022681621 | ||
| 005 | 20260420061155.0 | ||
| 010 | _a978-5-0064-4984-8 | ||
| 021 |
_aRU _bКН-П-25-065808 _9КН-П-25-6368 |
||
| 035 | _a(NLR Aleph) 022681621 | ||
| 090 |
_a13686647 _c13686647 |
||
| 100 | _a20251208d2025 u y0rusy50 ca | ||
| 101 | 0 | _arus | |
| 102 | _aRU | ||
| 105 | _aach z 000zd | ||
| 181 | 0 |
_ai _baxxe |
|
| 182 | 0 | _an | |
| 200 | 1 |
_aКрылья Рода _eмои родные _fВиктория Сергеева Васина _g[предисловие Натальи Чернышовой _gиллюстраторы: Давид Марленович Майсурадзе, Анна Доронкина] |
|
| 203 |
_aТекст _bвизуальный _cнепосредственный |
||
| 210 |
_a[Б. м.] _cИздательские решения _d2025 |
||
| 215 |
_a216, [3] с. _cил., портр., факс. _d21 |
||
| 300 | _aНа 4-й с. обл. авт.: В. Васина – поэт, писатель, музыкант | ||
| 320 | _aБиблиогр. в тексте | ||
| 333 | _a18+ | ||
| 606 | 1 |
_aГенеалогия _jВоспоминания, записки и т.п _yРоссия _91412798 _3RU\NLR\AUTH\66283800 |
|
| 686 | 1 | _aТ214(2)0,013 | |
| 700 | 1 |
_aВасина _bВ. С. _gВиктория Сергеева |
|
| 702 | 1 |
_aМайсурадзе _bД. М. _gДавид Марленович _4440 |
|
| 702 | 1 |
_aДоронкина _bА. _gАнна _4440 |
|
| 942 | _cBOOK | ||
| 980 | _aNB | ||